[Event "Steyr-ch U12"]
[Site "Soechau"]
[Date "2007.04.22"]
[Round "9"]
[White "Knappitsch, Thomas"]
[Black "Cortolezis, Leander"]
[Result "1/2-1/2"]
[WhiteElo "1532"]
[BlackElo "1414"]
[PlyCount "29"]
[EventDate "2007.04.14"]
[EventType "swiss"]
[EventRounds "9"]
[EventCountry "AUT"]
[SourceTitle "EXT 2010"]
[Source "ChessBase"]
[SourceDate "2010.11.25"]
[SourceVersion "1"]
[SourceVersionDate "2010.11.25"]
[SourceQuality "1"]

1. e4 e5 2. Nf3 Nc6 3. Bc4 Nf6 4. d3 Bc5 5. 0-0 h6 6. Nc3 0-0 7. Bd2 d6 8. h3 Be6 9. Bb3 Qd7 10. Re1 a6 11. a3 b5 12. Nd5 Bxd5 13. exd5 Ne7 14. c4 bxc4 15. dxc4 1/2-1/2

[Event "Steyr-ch U12"]
[Site "Soechau"]
[Date "2007.04.17"]
[Round "4"]
[White "Cortolezis, Leander"]
[Black "Huber, Elke Carola"]
[Result "1-0"]
[WhiteElo "1414"]
[BlackElo "1231"]
[PlyCount "45"]
[EventDate "2007.04.14"]
[EventType "swiss"]
[EventRounds "9"]
[EventCountry "AUT"]
[SourceTitle "EXT 2010"]
[Source "ChessBase"]
[SourceDate "2010.11.25"]
[SourceVersion "1"]
[SourceVersionDate "2010.11.25"]
[SourceQuality "1"]

1. e4 c6 2. d4 d5 3. Nc3 dxe4 4. Nxe4 Nd7 5. Nf3 Ngf6 6. Bd3 g6 7. Be3 Bg7 8. Qd2 0-0 9. 0-0-0 Nb6 10. Bh6 Bf5 11. Nxf6+ exf6 12. Bxf5 gxf5 13. Bxg7 Kxg7 14. Nh4 Qd5 15. b3 Qe4 16. Nf3 Kh8 17. Qh6 Qe6 18. Rhe1 Qd6 19. Nh4 f4 20. Nf5 Qa3+ 21. Kb1 Rg8 22. Qxf6+ Rg7 23. Qxg7# 1-0

[Event "Steyr-ch U12"]
[Site "Soechau"]
[Date "2007.04.15"]
[Round "2"]
[White "Cortolezis, Leander"]
[Black "Bachner, Karsten"]
[Result "0-1"]
[WhiteElo "1414"]
[BlackElo "1492"]
[PlyCount "92"]
[EventDate "2007.04.14"]
[EventType "swiss"]
[EventRounds "9"]
[EventCountry "AUT"]
[SourceTitle "EXT 2010"]
[Source "ChessBase"]
[SourceDate "2010.11.25"]
[SourceVersion "1"]
[SourceVersionDate "2010.11.25"]
[SourceQuality "1"]

1. e4 e6 2. d4 d5 3. exd5 exd5 4. Bd3 Bd6 5. Nc3 Ne7 6. Nf3 Bg4 7. h3 Bh5 8. g4 Bg6 9. Bxg6 hxg6 10. Qe2 c6 11. Ne5 Nd7 12. Nxd7 Qxd7 13. Be3 Bb4 14. Qd3 0-0-0 15. 0-0-0 Qc7 16. a3 Bd6 17. Rhe1 Rxh3 18. Qd2 Qd7 19. g5 Nf5 20. Re2 Nxe3 21. Rxe3 Bf4 22. Kb1 Bxe3 23. fxe3 Re8 24. Re1 Qf5 25. Qe2 Rhxe3 26. Qxe3 Rxe3 27. Rxe3 Qxg5 28. Re8+ Kd7 29. Ra8 Qg1+ 30. Ka2 Qxd4 31. Rb8 Kc7 32. Re8 Qh4 33. Rg8 Qc4+ 34. Ka1 d4 35. Nb1 Qxc2 36. Rxg7 Qf5 37. Rh7 g5 38. Rh5 Qg6 39. Rh3 g4 40. Rg3 f5 41. Nd2 f4 42. Rg2 Qc2 43. Ka2 f3 44. Rf2 g3 45. Rxf3 g2 46. Rg3 Qxd2 0-1

[Event "Steyr-ch U12"]
[Site "Soechau"]
[Date "2007.04.14"]
[Round "1"]
[White "Raith, Andreas"]
[Black "Cortolezis, Leander"]
[Result "1/2-1/2"]
[WhiteElo "1293"]
[BlackElo "1414"]
[PlyCount "63"]
[EventDate "2007.04.14"]
[EventType "swiss"]
[EventRounds "9"]
[EventCountry "AUT"]
[SourceTitle "EXT 2010"]
[Source "ChessBase"]
[SourceDate "2010.11.25"]
[SourceVersion "1"]
[SourceVersionDate "2010.11.25"]
[SourceQuality "1"]

1. e4 e5 2. Nf3 Nc6 3. Bc4 Bc5 4. Nc3 d6 5. d3 h6 6. Be3 Bxe3 7. fxe3 Bg4 8. 0-0 Nf6 9. d4 exd4 10. exd4 Qe7 11. e5 dxe5 12. Qd3 e4 13. Nxe4 Nxe4 14. Rfe1 Bf5 15. d5 Ne5 16. Nxe5 Qxe5 17. Qf3 0-0-0 18. Bd3 Rhe8 19. Re3 Qxb2 20. Qxf5+ Rd7 21. Rae1 g6 22. Qf4 Rde7 23. Rxe4 Rxe4 24. Rxe4 Rd8 25. Qxf7 Qxa2 26. Re8 Qa4 27. Rxd8+ Kxd8 28. Bxg6 Qa1+ 29. Kf2 Qd4+ 30. Ke2 Qe5+ 31. Kd3 c6 32. Bf5 1/2-1/2

[Event "AUT-ch U10"]
[Site "Vienna"]
[Date "2005.05.27"]
[Round "2.6"]
[White "Rauchlahner, Robert Jr"]
[Black "Cortolezis, Leander"]
[Result "1/2-1/2"]
[WhiteElo "1501"]
[BlackElo "1385"]
[PlyCount "56"]
[EventDate "2005.05.27"]
[EventType "swiss"]
[EventRounds "7"]
[EventCountry "AUT"]
[SourceTitle "EXT 2024"]
[Source "ChessBase"]
[SourceDate "2023.10.10"]
[SourceVersion "1"]
[SourceVersionDate "2023.10.10"]
[SourceQuality "1"]

1. d4 d5 2. Nf3 Nc6 3. g3 Nf6 4. Nc3 Bd7 5. Bg5 e6 6. Bg2 Be7 7. 0-0 0-0 8. Re1 h6 9. Bf4 Re8 10. Be5 Nxe5 11. Nxe5 c5 12. e3 b5 13. Nxd7 Qxd7 14. a4 b4 15. Ne2 c4 16. b3 c3 17. Nf4 Bd6 18. Nd3 Rab8 19. f3 a5 20. Ne5 Bxe5 21. dxe5 Nh7 22. f4 f6 23. Qd4 Qc7 24. exf6 Nxf6 25. f5 Qb6 26. Qxb6 Rxb6 27. fxe6 Rbxe6 28. Rad1 Rd6 1/2-1/2